Prachya aru pashatyar nirbachita rajnaitik chintabid (Record no. 793)

MARC details
000 -LEADER
fixed length control field 00618cam a2200217ua 4500
001 - CONTROL NUMBER
control field 870
005 - DATE AND TIME OF LATEST TRANSACTION
control field 20260515113233.0
008 - FIXED-LENGTH DATA ELEMENTS--GENERAL INFORMATION
fixed length control field 110421n ii |||gr||||Z||||||asm
040 ## - CATALOGING SOURCE
Transcribing agency MAIN
082 ## - DEWEY DECIMAL CLASSIFICATION NUMBER
Classification number 320.5
245 10 - TITLE STATEMENT
Title Prachya aru pashatyar nirbachita rajnaitik chintabid
Statement of responsibility, etc. by Jaigeswar Borah
250 ## - EDITION STATEMENT
Edition statement 1st.
260 ## - PUBLICATION, DISTRIBUTION, ETC.
Place of publication, distribution, etc. Jorhat:
Name of publisher, distributor, etc. Unika prakashan,
Date of publication, distribution, etc. 2003.
300 ## - PHYSICAL DESCRIPTION
Extent viii, 304p.:3cm.
653 ## - INDEX TERM--UNCONTROLLED
Uncontrolled term Political science
653 ## - INDEX TERM--UNCONTROLLED
Uncontrolled term Political thought
653 ## - INDEX TERM--UNCONTROLLED
Uncontrolled term Rajnaitik chintabid
653 ## - INDEX TERM--UNCONTROLLED
Uncontrolled term Prachya aru pashatyar nirbachita rajnaitik chintabid
700 ## - ADDED ENTRY--PERSONAL NAME
Personal name Borah, Jaigeswar.,
Relator term Author.
942 ## - ADDED ENTRY ELEMENTS (KOHA)
Koha item type Books
Holdings
Withdrawn status Lost status Damaged status Not for loan Home library Current library Shelving location Date acquired Total checkouts Full call number Barcode Date last seen Date last checked out Copy number Price effective from Koha item type
        Naharkatiya College Library Naharkatiya College Library General stacks 09/19/2020 1 320.5 | BOR 1682 05/28/2022 05/10/2022 2 09/19/2020 Books
        Naharkatiya College Library Naharkatiya College Library General stacks 09/19/2020   320.5 | BOR 1683 09/19/2020   1 09/19/2020 Books